Vzdelávanie a výskum - dva piliere znalostnej ekonomiky a spoločnosti - Správna vedecká prax a zásady vedeckej práce
Význam tvorby vedomostí v súčasnej ekonomike a spoločnosti SR. Charakteristika doktorandského štúdia, jeho postavenie a história. Skvalitňovanie doktorandského štúdia na Obchodnej fakulte EU. Zásady správnej vedeckej práce - vybrané aspekty. Európska charta výskumných pracovníkov. Požiadavky, silné...
Salvato in:
| Autore principale: | |
|---|---|
| Natura: | Capitolo di libro |
| Lingua: | slovacco |
| Soggetti: | |
| Tags: |
Nessun Tag, puoi essere il primo ad aggiungerne!!
|
MARC
| LEADER | 00000naa$a2200000$$$4500 | ||
|---|---|---|---|
| 001 | 0051339 | ||
| 005 | 20240502071611.1 | ||
| 041 | 0 | |a slo | |
| 044 | |a SK | ||
| 245 | 1 | 0 | |a Vzdelávanie a výskum - dva piliere znalostnej ekonomiky a spoločnosti - Správna vedecká prax a zásady vedeckej práce |c Valéria Michalová |
| 520 | |a Význam tvorby vedomostí v súčasnej ekonomike a spoločnosti SR. Charakteristika doktorandského štúdia, jeho postavenie a história. Skvalitňovanie doktorandského štúdia na Obchodnej fakulte EU. Zásady správnej vedeckej práce - vybrané aspekty. Európska charta výskumných pracovníkov. Požiadavky, silné a slabé stránky vypracovávania projektov, dizertačnej práce a autoreferátov. | ||
| 610 | 2 | 0 | |a vzdelávanie |
| 610 | 2 | 0 | |a výskum |
| 610 | 2 | 0 | |a ekonomika vedomostná |
| 610 | 2 | 0 | |a štúdium doktorandské |
| 610 | 2 | 0 | |a práca vedecká |
| 610 | 2 | 0 | |a Slovensko |
| 610 | 2 | 0 | |a Obchodná fakulta Ekonomickej univerzity v Bratislave |
| 100 | 1 | |a Michalová, Valéria | |